Statistics for Countries A-Z Closest To An Unknown Country #12

Click here to take the quiz!

General Stats

  • This quiz has been taken 401 times
  • The average score is 23 of 25

Answer Stats

LetterCountry% Correct
RRussia
96%
OOman
95%
QQatar
95%
YYemen
95%
LLithuania or Latvia
94%
ZZambia
94%
DDenmark
93%
EEstonia
93%
FFinland
93%
GGermany
93%
PPoland
93%
HHungary
92%
UUkraine
91%
JJordan
90%
KKosovo
90%
AAustria
89%
IItaly
89%
NNorway
89%
Unknown Country:Belarus
88%
TTurkey
88%
VVatican City
88%
CCzech Republic
87%
SSlovakia
87%
MMoldova
84%
BBosnia and Herzegovina
81%

Score Distribution

Percentile by Number Answered

Percent of People with Each Score

Your Score History

You have not taken this quiz